000 00377nam a2200145Ia 4500
008 230711s9999||||xx |||||||||||||| ||und||
041 _aENG
082 _a621
_bPA-I
100 _aPaul,Biswanath
245 0 _aIndustrial electronic and control
250 _a1st Ed.
260 _c2001
_aNew Delhi
_bPHI Learning Private Limited
650 _aElectrical Engineering
942 _cBK
999 _c4105
_d4105